000 00680nam a22002417a 4500
001 7828
003 BD-RjUL
005 20211208234501.0
008 140116s1964 enk||||| |||| 001 0 eng d
035 _a(BD-RjUL)7872
040 _aBD-RjUL
_beng
_cBD-RjUL
041 _aeng
082 0 0 _a 512.81
_bHUN 1964
100 1 _aHunter J.
_920752
245 1 0 _aNumber theory /
_cby J Hunter
260 _aEdinburgh ;
_a New York :
_bOliver & Boyd;
_b Interscience Publishers,
_c1964.
300 _aix, 149 p. :
_c19 cm.
490 _aUniversity mathematical texts.
504 _aIncludes index.
650 0 _aNumber theory.
_924417
650 0 _aZahlentheorie.
_924418
942 _2ddc
_cBK
999 _c7828
_d7828